[Event "DEM U16w 2024"]
[Site "Willingen GER"]
[Date "2024.05.19"]
[Round "1"]
[White "Hoffmann, Sophia"]
[Black "Neumann, Helena"]
[Result "1-0"]
[Termination "normal"]
[Board "10"]
[WhiteElo "1692"]
[BlackElo "1836"]
[WhiteClock "00:02:17"]
[BlackClock "00:02:50"]
[PlyCount "77"]
[WhiteFideId "16259130"]
[BlackFideId "16275365"]
[EventCountry "GER"]
[EventRounds "9"]
[EventType "swiss"]
[EventDate "2024.05.18"]

1. d4 {[%clk 01:30:57]} {[%emt 00:00:01]} Nf6 {[%clk 01:30:56]} {[%emt
00:00:05]} 2. Bf4 {[%clk 01:31:22]} {[%emt 00:00:05]} e6 {[%clk 01:31:23]}
{[%emt 00:00:04]} 3. c4 {[%clk 01:31:26]} {[%emt 00:00:25]} Bb4+ {[%clk
01:31:46]} {[%emt 00:00:06]} 4. Nd2 {[%clk 01:24:48]} {[%emt 00:07:09]} Be7
{[%clk 01:29:06]} {[%emt 00:03:11]} 5. e3 {[%clk 01:22:34]} {[%emt 00:02:43]}
c5 {[%clk 01:28:23]} {[%emt 00:01:14]} 6. Ngf3 {[%clk 01:20:04]} {[%emt
00:03:00]} d5 {[%clk 01:26:29]} {[%emt 00:02:24]} 7. Qc2 {[%clk 01:07:18]}
{[%emt 00:13:15]} O-O {[%clk 01:13:14]} {[%emt 00:13:45]} 8. Bd3 {[%clk
01:02:15]} {[%emt 00:05:33]} Nc6 {[%clk 01:13:14]} {[%emt 00:00:30]} 9. a3
{[%clk 00:58:43]} {[%emt 00:04:02]} cxd4 {[%clk 01:08:21]} {[%emt 00:05:22]}
10. Nxd4 {[%clk 00:43:34]} {[%emt 00:15:39]} Nxd4 {[%clk 01:05:58]} {[%emt
00:02:53]} 11. exd4 {[%clk 00:40:38]} {[%emt 00:03:26]} dxc4 {[%clk 01:04:56]}
{[%emt 00:01:32]} 12. Qxc4 {[%clk 00:37:12]} {[%emt 00:03:57]} Nd5 {[%clk
00:56:42]} {[%emt 00:08:44]} 13. Be5 {[%clk 00:32:04]} {[%emt 00:05:38]} Bd7
{[%clk 00:55:18]} {[%emt 00:01:53]} 14. Qc2 {[%clk 00:28:32]} {[%emt 00:04:03]}
h6 {[%clk 00:53:52]} {[%emt 00:01:56]} 15. Nf3 {[%clk 00:23:57]} {[%emt
00:05:05]} Rc8 {[%clk 00:50:45]} {[%emt 00:03:37]} 16. Qe2 {[%clk 00:22:23]}
{[%emt 00:02:03]} Qa5+ {[%clk 00:48:48]} {[%emt 00:02:28]} 17. Nd2 {[%clk
00:19:27]} {[%emt 00:03:25]} Nb4 {[%clk 00:39:52]} {[%emt 00:09:27]} 18. Rd1
{[%clk 00:10:48]} {[%emt 00:09:09]} Nc2+ {[%clk 00:35:53]} {[%emt 00:04:29]}
19. Kf1 {[%clk 00:09:56]} {[%emt 00:01:22]} f6 {[%clk 00:24:05]} {[%emt
00:12:17]} 20. Qe4 {[%clk 00:07:10]} {[%emt 00:03:17]} f5 {[%clk 00:24:29]}
{[%emt 00:00:06]} 21. Qxb7 {[%clk 00:04:45]} {[%emt 00:02:55]} Rfd8 {[%clk
00:16:32]} {[%emt 00:08:26]} 22. Qb3 {[%clk 00:04:03]} {[%emt 00:01:12]} Qa4
{[%clk 00:13:11]} {[%emt 00:03:51]} 23. Bxc2 {[%clk 00:00:33]} {[%emt
00:04:01]} Rxc2 {[%clk 00:13:16]} {[%emt 00:00:24]} 24. Qg3 {[%clk 00:00:38]}
{[%emt 00:00:26]} Bb5+ {[%clk 00:10:40]} {[%emt 00:03:06]} 25. Kg1 {[%clk
00:00:32]} {[%emt 00:00:36]} Bf8 {[%clk 00:09:22]} {[%emt 00:01:47]} 26. Nf3
{[%clk 00:00:32]} {[%emt 00:00:31]} Rxb2 {[%clk 00:07:47]} {[%emt 00:02:05]}
27. Re1 {[%clk 00:00:34]} {[%emt 00:00:28]} Re2 {[%clk 00:03:49]} {[%emt
00:04:28]} 28. Rxe2 {[%emt 00:00:32]} Bxe2 {[%clk 00:04:12]} {[%emt 00:00:06]}
29. h4 {[%clk 00:00:57]} {[%emt 00:00:06]} Qxa3 {[%clk 00:03:43]} {[%emt
00:01:00]} 30. Qg6 {[%clk 00:00:52]} {[%emt 00:00:34]} Qe7 {[%clk 00:03:24]}
{[%emt 00:00:49]} 31. Rh3 {[%clk 00:00:40]} {[%emt 00:00:42]} Bxf3 {[%clk
00:03:45]} {[%emt 00:00:09]} 32. Rxf3 {[%clk 00:00:48]} {[%emt 00:00:22]} Rc8
{[%clk 00:03:21]} {[%emt 00:00:53]} 33. Rg3 {[%clk 00:00:40]} {[%emt 00:00:38]}
Rc1+ {[%clk 00:02:12]} {[%emt 00:01:39]} 34. Kh2 {[%clk 00:01:03]} {[%emt
00:00:08]} Qxh4+ {[%clk 00:01:53]} {[%emt 00:00:48]} 35. Rh3 {[%clk 00:01:10]}
{[%emt 00:00:24]} Qxf2 {[%clk 00:01:57]} {[%emt 00:00:26]} 36. Qxe6+ {[%clk
00:01:09]} {[%emt 00:00:31]} Kh7 {[%clk 00:02:01]} {[%emt 00:00:26]} 37. Rxh6+
{[%clk 00:01:27]} {[%emt 00:00:12]} gxh6 {[%clk 00:02:25]} {[%emt 00:00:05]}
38. Qf7+ {[%clk 00:01:52]} {[%emt 00:00:05]} Bg7 {[%clk 00:02:50]} {[%emt
00:00:06]} 39. Qxg7# {[%clk 00:02:17]} {[%emt 00:00:05]} 1-0

[Event "DEM U16w 2024"]
[Site "Willingen GER"]
[Date "2024.05.19"]
[Round "1"]
[White "Wartenberg, Alissa"]
[Black "Heuberger, Sandra"]
[Result "1-0"]
[Termination "normal"]
[Board "11"]
[WhiteElo "1820"]
[BlackElo "1555"]
[WhiteClock "00:20:41"]
[BlackClock "00:52:30"]
[PlyCount "135"]
[WhiteFideId "16280741"]
[BlackFideId "16232151"]
[EventCountry "GER"]
[EventRounds "9"]
[EventType "swiss"]
[EventDate "2024.05.18"]

1. e4 {[%clk 01:30:58]} {[%emt 00:00:01]} e5 {[%clk 01:30:56]} {[%emt
00:00:05]} 2. Nf3 {[%clk 01:31:25]} {[%emt 00:00:03]} Nc6 {[%clk 01:31:21]}
{[%emt 00:00:05]} 3. Bb5 {[%clk 01:31:51]} {[%emt 00:00:04]} a6 {[%clk
01:31:34]} {[%emt 00:00:17]} 4. Ba4 {[%clk 01:32:17]} {[%emt 00:00:04]} Nf6
{[%clk 01:31:45]} {[%emt 00:00:18]} 5. O-O {[%clk 01:32:39]} {[%emt 00:00:08]}
b5 {[%clk 01:31:24]} {[%emt 00:00:52]} 6. Bb3 {[%clk 01:33:04]} {[%emt
00:00:04]} Bc5 {[%clk 01:31:34]} {[%emt 00:00:20]} 7. Nxe5 {[%clk 01:28:38]}
{[%emt 00:04:56]} Nxe5 {[%clk 01:29:35]} {[%emt 00:02:29]} 8. d4 {[%clk
01:28:15]} {[%emt 00:00:52]} Bxd4 {[%clk 01:27:46]} {[%emt 00:02:21]} 9. Qxd4
{[%clk 01:28:37]} {[%emt 00:00:07]} d6 {[%clk 01:26:42]} {[%emt 00:01:34]} 10.
c3 {[%clk 01:27:04]} {[%emt 00:02:04]} c5 {[%clk 01:24:01]} {[%emt 00:03:11]}
11. Qd1 {[%clk 01:24:45]} {[%emt 00:02:47]} Bb7 {[%clk 01:22:01]} {[%emt
00:02:32]} 12. f3 {[%clk 01:25:03]} {[%emt 00:00:12]} Qb6 {[%clk 01:19:20]}
{[%emt 00:03:10]} 13. Be3 {[%clk 01:25:02]} {[%emt 00:00:31]} O-O {[%clk
01:18:52]} {[%emt 00:00:57]} 14. Re1 {[%clk 01:23:31]} {[%emt 00:02:02]} Rad8
{[%clk 01:17:48]} {[%emt 00:01:34]} 15. Bf2 {[%clk 01:12:00]} {[%emt 00:12:00]}
Rfe8 {[%clk 01:14:55]} {[%emt 00:03:24]} 16. a4 {[%clk 01:06:38]} {[%emt
00:05:53]} Nh5 {[%clk 01:12:55]} {[%emt 00:02:30]} 17. a5 {[%clk 01:04:28]}
{[%emt 00:02:40]} Qc7 {[%clk 01:12:24]} {[%emt 00:00:58]} 18. Qd2 {[%clk
01:00:46]} {[%emt 00:04:14]} Qe7 {[%clk 01:08:09]} {[%emt 00:04:44]} 19. Na3
{[%clk 00:40:01]} {[%emt 00:21:16]} Qf6 {[%clk 01:06:09]} {[%emt 00:02:30]} 20.
Be3 {[%clk 00:39:36]} {[%emt 00:00:54]} Qg6 {[%clk 01:03:14]} {[%emt 00:03:26]}
21. Kh1 {[%clk 00:38:12]} {[%emt 00:01:54]} Nf6 {[%clk 00:55:32]} {[%emt
00:08:12]} 22. Bg5 {[%clk 00:26:36]} {[%emt 00:12:05]} h6 {[%clk 00:51:13]}
{[%emt 00:04:50]} 23. Bh4 {[%clk 00:23:19]} {[%emt 00:03:47]} Rd7 {[%clk
00:49:05]} {[%emt 00:02:38]} 24. Bxf6 {[%clk 00:22:43]} {[%emt 00:01:06]} Qxf6
{[%clk 00:48:35]} {[%emt 00:00:59]} 25. Rf1 {[%clk 00:19:50]} {[%emt 00:03:23]}
Rdd8 {[%clk 00:47:24]} {[%emt 00:01:42]} 26. Bd5 {[%clk 00:19:30]} {[%emt
00:00:50]} Bc8 {[%clk 00:46:02]} {[%emt 00:01:52]} 27. Nc2 {[%clk 00:12:23]}
{[%emt 00:07:37]} Nc4 {[%clk 00:44:51]} {[%emt 00:01:40]} 28. Bxc4 {[%clk
00:07:12]} {[%emt 00:05:41]} bxc4 {[%clk 00:45:14]} {[%emt 00:00:08]} 29. Ne3
{[%clk 00:07:31]} {[%emt 00:00:10]} Bd7 {[%clk 00:44:45]} {[%emt 00:01:00]} 30.
Nd5 {[%clk 00:06:37]} {[%emt 00:01:24]} Qg6 {[%clk 00:42:58]} {[%emt 00:02:17]}
31. Nc7 {[%clk 00:06:27]} {[%emt 00:00:40]} Re5 {[%clk 00:42:20]} {[%emt
00:01:07]} 32. Qe2 {[%clk 00:04:18]} {[%emt 00:02:39]} Rh5 {[%clk 00:38:11]}
{[%emt 00:04:39]} 33. Kg1 {[%clk 00:03:03]} {[%emt 00:01:46]} Bh3 {[%clk
00:35:52]} {[%emt 00:02:47]} 34. Rf2 {[%clk 00:03:11]} {[%emt 00:00:23]} Bc8
{[%clk 00:34:04]} {[%emt 00:02:19]} 35. Qxc4 {[%clk 00:03:14]} {[%emt
00:00:26]} Qf6 {[%clk 00:33:13]} {[%emt 00:01:18]} 36. g3 {[%clk 00:00:44]}
{[%emt 00:03:03]} Rg5 {[%clk 00:30:15]} {[%emt 00:03:27]} 37. Nd5 {[%clk
00:00:40]} {[%emt 00:00:35]} Qe6 {[%clk 00:29:34]} {[%emt 00:01:11]} 38. Nb6
{[%clk 00:00:33]} {[%emt 00:00:38]} Qh3 {[%clk 00:27:29]} {[%emt 00:02:33]} 39.
Nxc8 {[%clk 00:00:34]} {[%emt 00:00:30]} Qxc8 {[%clk 00:27:30]} {[%emt
00:00:29]} 40. Rd1 {[%clk 00:00:53]} {[%emt 00:00:10]} h5 {[%clk 00:27:27]}
{[%emt 00:00:34]} 41. Rd5 {[%clk 00:00:37]} {[%emt 00:00:46]} Rxd5 {[%clk
00:25:13]} {[%emt 00:02:44]} 42. Qxd5 {[%clk 00:29:02]} {[%emt 00:02:05]} g6
{[%clk 00:55:23]} {[%emt 00:00:20]} 43. Rd2 {[%clk 00:29:03]} {[%emt 00:00:29]}
Qc7 {[%clk 00:54:17]} {[%emt 00:01:36]} 44. b4 {[%clk 00:27:55]} {[%emt
00:01:39]} cxb4 {[%clk 00:53:36]} {[%emt 00:01:11]} 45. cxb4 {[%clk 00:28:14]}
{[%emt 00:00:11]} Rc8 {[%clk 00:53:29]} {[%emt 00:00:36]} 46. Qd3 {[%clk
00:21:01]} {[%emt 00:07:43]} Qb7 {[%clk 00:52:37]} {[%emt 00:01:21]} 47. Qxd6
{[%clk 00:19:44]} {[%emt 00:01:49]} Rc1+ {[%clk 00:51:26]} {[%emt 00:01:40]}
48. Kg2 {[%clk 00:19:25]} {[%emt 00:00:48]} Qa7 {[%clk 00:51:26]} {[%emt
00:00:31]} 49. Qb6 {[%clk 00:17:31]} {[%emt 00:02:24]} Qe7 {[%clk 00:49:48]}
{[%emt 00:02:07]} 50. Qd8+ {[%clk 00:17:23]} {[%emt 00:00:38]} Qxd8 {[%clk
00:50:11]} {[%emt 00:00:08]} 51. Rxd8+ {[%clk 00:17:50]} {[%emt 00:00:03]} Kg7
{[%clk 00:50:27]} {[%emt 00:00:14]} 52. Rd6 {[%clk 00:18:13]} {[%emt 00:00:08]}
Rb1 {[%clk 00:50:36]} {[%emt 00:00:20]} 53. Rb6 {[%clk 00:18:38]} {[%emt
00:00:05]} g5 {[%clk 00:49:57]} {[%emt 00:01:10]} 54. h4 {[%clk 00:18:26]}
{[%emt 00:00:41]} g4 {[%clk 00:50:15]} {[%emt 00:00:12]} 55. fxg4 {[%clk
00:18:23]} {[%emt 00:00:33]} hxg4 {[%clk 00:50:39]} {[%emt 00:00:06]} 56. Kf2
{[%clk 00:18:47]} {[%emt 00:00:06]} Rb3 {[%clk 00:50:57]} {[%emt 00:00:12]} 57.
Rxa6 {[%clk 00:18:57]} {[%emt 00:00:21]} Rxb4 {[%clk 00:51:13]} {[%emt
00:00:12]} 58. Ke3 {[%clk 00:19:24]} {[%emt 00:00:04]} f6 {[%clk 00:50:56]}
{[%emt 00:00:48]} 59. Kf4 {[%clk 00:19:44]} {[%emt 00:00:09]} Kg6 {[%clk
00:51:04]} {[%emt 00:00:21]} 60. h5+ {[%clk 00:18:37]} {[%emt 00:01:38]} Kxh5
{[%clk 00:50:52]} {[%emt 00:00:42]} 61. Rxf6 {[%clk 00:18:36]} {[%emt
00:00:31]} Rb6 {[%clk 00:50:53]} {[%emt 00:00:28]} 62. Rf5+ {[%clk 00:18:48]}
{[%emt 00:00:19]} Kg6 {[%clk 00:50:54]} {[%emt 00:00:29]} 63. axb6 {[%clk
00:19:12]} {[%emt 00:00:06]} Kg7 {[%clk 00:51:06]} {[%emt 00:00:18]} 64. b7
{[%clk 00:19:38]} {[%emt 00:00:04]} Kg6 {[%clk 00:51:26]} {[%emt 00:00:09]} 65.
b8=Q {[%clk 00:19:55]} {[%emt 00:00:14]} Kg7 {[%clk 00:51:52]} {[%emt
00:00:04]} 66. Qf8+ {[%clk 00:20:21]} {[%emt 00:00:04]} Kh7 {[%clk 00:52:08]}
{[%emt 00:00:14]} 67. Rh5+ {[%clk 00:20:41]} {[%emt 00:00:10]} Kg6 {[%clk
00:52:30]} {[%emt 00:00:08]} 68. Rh6# {[%emt 00:00:03]} 1-0

[Event "DEM U16w 2024"]
[Site "Willingen GER"]
[Date "2024.05.19"]
[Round "1"]
[White "Junge, Julia Marie"]
[Black "Bursan, Ana-Maria"]
[Result "0-1"]
[Termination "normal"]
[Board "12"]
[WhiteElo "1659"]
[BlackElo "1715"]
[WhiteClock "00:10:05"]
[BlackClock "00:03:48"]
[PlyCount "102"]
[WhiteFideId "16293908"]
[BlackFideId "34620150"]
[EventCountry "GER"]
[EventRounds "9"]
[EventType "swiss"]
[EventDate "2024.05.18"]

1. e4 {[%clk 01:30:53]} {[%emt 00:00:06]} e6 {[%clk 01:30:51]} {[%emt
00:00:10]} 2. d4 {[%clk 01:30:45]} {[%emt 00:00:38]} d5 {[%clk 01:31:02]}
{[%emt 00:00:19]} 3. exd5 {[%clk 01:29:44]} {[%emt 00:01:32]} exd5 {[%clk
01:30:11]} {[%emt 00:01:21]} 4. c4 {[%clk 01:28:23]} {[%emt 00:01:51]} Nf6
{[%clk 01:28:16]} {[%emt 00:02:25]} 5. Nf3 {[%clk 01:24:32]} {[%emt 00:04:21]}
Bb4+ {[%clk 01:26:21]} {[%emt 00:02:24]} 6. Bd2 {[%clk 01:24:04]} {[%emt
00:00:58]} Bxd2+ {[%clk 01:23:17]} {[%emt 00:03:34]} 7. Nbxd2 {[%clk 01:22:10]}
{[%emt 00:02:24]} O-O {[%clk 01:19:24]} {[%emt 00:04:23]} 8. Be2 {[%clk
01:19:03]} {[%emt 00:03:37]} Bf5 {[%clk 01:10:57]} {[%emt 00:08:57]} 9. O-O
{[%clk 01:17:09]} {[%emt 00:02:25]} c6 {[%clk 01:06:09]} {[%emt 00:05:18]} 10.
Nb3 {[%clk 01:13:12]} {[%emt 00:04:27]} Nbd7 {[%clk 01:02:24]} {[%emt
00:04:14]} 11. Bd3 {[%clk 01:10:46]} {[%emt 00:02:57]} Ne4 {[%clk 01:00:16]}
{[%emt 00:02:38]} 12. Nfd2 {[%clk 01:05:17]} {[%emt 00:05:59]} Nxf2 {[%clk
00:49:39]} {[%emt 00:11:07]} 13. Rxf2 {[%clk 01:03:09]} {[%emt 00:02:39]} Bxd3
{[%clk 00:49:20]} {[%emt 00:00:49]} 14. cxd5 {[%clk 01:01:52]} {[%emt
00:01:47]} cxd5 {[%clk 00:47:31]} {[%emt 00:02:19]} 15. Qf3 {[%clk 00:59:34]}
{[%emt 00:02:49]} Bc4 {[%clk 00:41:07]} {[%emt 00:06:53]} 16. Nxc4 {[%clk
00:52:50]} {[%emt 00:07:14]} dxc4 {[%clk 00:39:16]} {[%emt 00:02:21]} 17. Nc5
{[%clk 00:51:04]} {[%emt 00:02:16]} Nxc5 {[%clk 00:36:19]} {[%emt 00:03:27]}
18. dxc5 {[%clk 00:51:29]} {[%emt 00:00:06]} Qc7 {[%clk 00:32:06]} {[%emt
00:04:40]} 19. Qd5 {[%clk 00:45:47]} {[%emt 00:06:14]} b5 {[%clk 00:27:08]}
{[%emt 00:05:29]} 20. cxb6 {[%clk 00:45:25]} {[%emt 00:00:52]} axb6 {[%clk
00:27:23]} {[%emt 00:00:14]} 21. Rc2 {[%clk 00:44:59]} {[%emt 00:00:56]} Rac8
{[%clk 00:25:13]} {[%emt 00:02:40]} 22. Rac1 {[%clk 00:44:40]} {[%emt
00:00:49]} Qa7 {[%clk 00:23:46]} {[%emt 00:01:56]} 23. b3 {[%clk 00:42:21]}
{[%emt 00:02:50]} Rc5 {[%clk 00:20:25]} {[%emt 00:03:51]} 24. Qd4 {[%clk
00:39:55]} {[%emt 00:02:56]} cxb3 {[%clk 00:18:13]} {[%emt 00:02:42]} 25. axb3
{[%clk 00:39:21]} {[%emt 00:01:04]} Rxc2 {[%clk 00:15:29]} {[%emt 00:03:14]}
26. Rxc2 {[%clk 00:38:14]} {[%emt 00:01:37]} Qa5 {[%clk 00:15:29]} {[%emt
00:00:30]} 27. b4 {[%clk 00:38:00]} {[%emt 00:00:44]} Qf5 {[%clk 00:13:58]}
{[%emt 00:02:00]} 28. Rc6 {[%clk 00:32:33]} {[%emt 00:05:58]} Qb1+ {[%clk
00:10:50]} {[%emt 00:03:38]} 29. Kf2 {[%clk 00:32:56]} {[%emt 00:00:07]} Re8
{[%clk 00:09:38]} {[%emt 00:01:42]} 30. Rc3 {[%clk 00:27:15]} {[%emt 00:06:11]}
Qe1+ {[%clk 00:08:45]} {[%emt 00:01:22]} 31. Kf3 {[%clk 00:27:30]} {[%emt
00:00:15]} Qe2+ {[%clk 00:07:17]} {[%emt 00:01:58]} 32. Kg3 {[%clk 00:27:46]}
{[%emt 00:00:14]} h5 {[%clk 00:07:01]} {[%emt 00:00:46]} 33. Kh3 {[%clk
00:17:27]} {[%emt 00:10:50]} Re4 {[%clk 00:05:38]} {[%emt 00:01:53]} 34. Qd8+
{[%clk 00:15:59]} {[%emt 00:01:57]} Kh7 {[%clk 00:05:47]} {[%emt 00:00:22]} 35.
Qd7 {[%clk 00:15:20]} {[%emt 00:01:09]} Qg4+ {[%clk 00:04:52]} {[%emt
00:01:25]} 36. Qxg4 {[%clk 00:15:21]} {[%emt 00:00:29]} hxg4+ {[%clk 00:05:19]}
{[%emt 00:00:03]} 37. Kg3 {[%clk 00:14:58]} {[%emt 00:00:52]} Rxb4 {[%clk
00:05:32]} {[%emt 00:00:17]} 38. Rc7 {[%clk 00:13:57]} {[%emt 00:01:32]} Kg6
{[%clk 00:05:36]} {[%emt 00:00:25]} 39. Rd7 {[%clk 00:13:09]} {[%emt 00:01:18]}
f5 {[%clk 00:04:55]} {[%emt 00:01:10]} 40. Rc7 {[%clk 00:12:49]} {[%emt
00:00:51]} b5 {[%clk 00:04:47]} {[%emt 00:00:38]} 41. Kh4 {[%clk 00:11:41]}
{[%emt 00:01:38]} Rb2 {[%clk 00:04:13]} {[%emt 00:01:03]} 42. Kg3 {[%clk
00:10:56]} {[%emt 00:01:15]} b4 {[%clk 00:04:12]} {[%emt 00:00:31]} 43. Rb7
{[%clk 00:10:32]} {[%emt 00:00:55]} Kf6 {[%clk 00:03:08]} {[%emt 00:01:32]} 44.
Rc7 {[%clk 00:09:59]} {[%emt 00:01:05]} b3 {[%clk 00:02:53]} {[%emt 00:00:44]}
45. Rb7 {[%clk 00:09:39]} {[%emt 00:00:51]} g6 {[%clk 00:02:55]} {[%emt
00:00:28]} 46. h4 {[%clk 00:09:44]} {[%emt 00:00:25]} gxh3 {[%clk 00:02:56]}
{[%emt 00:00:28]} 47. Kxh3 {[%clk 00:09:52]} {[%emt 00:00:22]} Kg5 {[%emt
00:00:26]} 48. Rb6 {[%clk 00:09:45]} {[%emt 00:00:34]} Rb1 {[%clk 00:03:20]}
{[%emt 00:00:13]} 49. Kg3 {[%clk 00:09:56]} {[%emt 00:00:20]} b2 {[%clk
00:03:39]} {[%emt 00:00:11]} 50. Kf2 {[%clk 00:10:13]} {[%emt 00:00:12]} f4
{[%clk 00:03:38]} {[%emt 00:00:32]} 51. Ke2 {[%clk 00:10:05]} {[%emt 00:00:39]}
Rg1 {[%clk 00:03:48]} {[%emt 00:00:19]} 0-1

[Event "DEM U16w 2024"]
[Site "Willingen GER"]
[Date "2024.05.19"]
[Round "1"]
[White "Moldovan, Tatiana"]
[Black "Breja, Eva"]
[Result "1-0"]
[Termination "normal"]
[Board "13"]
[WhiteElo "1708"]
[BlackElo "1390"]
[WhiteClock "00:36:30"]
[BlackClock "00:45:41"]
[PlyCount "85"]
[WhiteFideId "16287398"]
[BlackFideId "34639632"]
[EventCountry "GER"]
[EventRounds "9"]
[EventType "swiss"]
[EventDate "2024.05.18"]

1. c4 {[%clk 01:30:51]} {[%emt 00:00:07]} d5 {[%clk 01:22:12]} {[%emt
00:08:49]} 2. cxd5 {[%clk 01:28:59]} {[%emt 00:02:22]} Qxd5 {[%clk 01:22:18]}
{[%emt 00:00:23]} 3. Nc3 {[%clk 01:29:23]} {[%emt 00:00:07]} Qa5 {[%clk
01:22:06]} {[%emt 00:00:42]} 4. g3 {[%clk 01:25:48]} {[%emt 00:04:05]} Nf6
{[%clk 01:21:33]} {[%emt 00:01:03]} 5. Bg2 {[%clk 01:26:04]} {[%emt 00:00:14]}
e6 {[%clk 01:20:55]} {[%emt 00:01:08]} 6. d3 {[%clk 01:20:57]} {[%emt
00:05:37]} Bb4 {[%clk 01:19:27]} {[%emt 00:01:58]} 7. Bd2 {[%clk 01:14:15]}
{[%emt 00:07:13]} O-O {[%clk 01:18:46]} {[%emt 00:01:10]} 8. a3 {[%clk
01:14:26]} {[%emt 00:00:20]} Bd6 {[%clk 01:15:55]} {[%emt 00:03:17]} 9. Nd5
{[%clk 01:10:30]} {[%emt 00:04:29]} Qb5 {[%clk 01:15:42]} {[%emt 00:00:43]} 10.
Nxf6+ {[%clk 01:10:44]} {[%emt 00:00:16]} gxf6 {[%clk 01:14:37]} {[%emt
00:01:35]} 11. Bh6 {[%clk 01:11:01]} {[%emt 00:00:12]} Rd8 {[%clk 01:13:35]}
{[%emt 00:01:33]} 12. e4 {[%clk 01:10:24]} {[%emt 00:01:08]} f5 {[%clk
01:11:30]} {[%emt 00:02:34]} 13. Qc1 {[%clk 00:59:05]} {[%emt 00:11:48]} f6
{[%clk 01:08:12]} {[%emt 00:03:45]} 14. exf5 {[%clk 00:57:48]} {[%emt
00:01:51]} Qxf5 {[%clk 01:07:28]} {[%emt 00:01:14]} 15. Be4 {[%clk 00:57:11]}
{[%emt 00:01:07]} Qc5 {[%clk 01:05:14]} {[%emt 00:02:42]} 16. Qd1 {[%clk
00:55:31]} {[%emt 00:02:12]} f5 {[%clk 01:05:09]} {[%emt 00:00:35]} 17. d4
{[%clk 00:50:47]} {[%emt 00:05:14]} Qa5+ {[%clk 01:03:26]} {[%emt 00:02:09]}
18. b4 {[%clk 00:50:45]} {[%emt 00:00:37]} Bxb4+ {[%clk 00:54:21]} {[%emt
00:09:35]} 19. axb4 {[%clk 00:47:08]} {[%emt 00:04:08]} Qxb4+ {[%clk 00:54:45]}
{[%emt 00:00:06]} 20. Bd2 {[%clk 00:47:32]} {[%emt 00:00:06]} Qxd4 {[%clk
00:54:46]} {[%emt 00:00:30]} 21. Bg2 {[%clk 00:47:39]} {[%emt 00:00:22]} Nc6
{[%clk 00:54:13]} {[%emt 00:01:04]} 22. Nf3 {[%clk 00:47:44]} {[%emt 00:00:24]}
Qe4+ {[%clk 00:54:15]} {[%emt 00:00:28]} 23. Kf1 {[%clk 00:47:34]} {[%emt
00:00:41]} Qd3+ {[%clk 00:53:59]} {[%emt 00:00:46]} 24. Kg1 {[%clk 00:47:45]}
{[%emt 00:00:18]} Nd4 {[%clk 00:53:46]} {[%emt 00:00:43]} 25. Nxd4 {[%clk
00:45:52]} {[%emt 00:02:24]} Rxd4 {[%clk 00:51:57]} {[%emt 00:02:19]} 26. Ra2
{[%clk 00:46:01]} {[%emt 00:00:20]} e5 {[%clk 00:51:35]} {[%emt 00:00:53]} 27.
Bf1 {[%clk 00:45:39]} {[%emt 00:00:52]} Qe4 {[%clk 00:51:09]} {[%emt 00:00:48]}
28. Qh5 {[%clk 00:45:31]} {[%emt 00:00:45]} Be6 {[%clk 00:50:48]} {[%emt
00:00:51]} 29. f3 {[%clk 00:41:23]} {[%emt 00:04:38]} Qd5 {[%clk 00:50:23]}
{[%emt 00:00:50]} 30. Ra5 {[%clk 00:40:25]} {[%emt 00:01:33]} Qc6 {[%clk
00:49:49]} {[%emt 00:01:04]} 31. Rxe5 {[%clk 00:40:21]} {[%emt 00:00:34]} Rxd2
{[%clk 00:49:32]} {[%emt 00:00:47]} 32. Qg5+ {[%clk 00:40:47]} {[%emt
00:00:04]} Kf7 {[%clk 00:49:18]} {[%emt 00:00:43]} 33. Qxd2 {[%clk 00:41:06]}
{[%emt 00:00:12]} Qxf3 {[%clk 00:48:56]} {[%emt 00:00:52]} 34. Bg2 {[%clk
00:41:21]} {[%emt 00:00:15]} Qg4 {[%clk 00:49:00]} {[%emt 00:00:20]} 35. Bxb7
{[%clk 00:41:19]} {[%emt 00:00:38]} Rb8 {[%clk 00:49:15]} {[%emt 00:00:15]} 36.
Bd5 {[%clk 00:39:53]} {[%emt 00:01:56]} Rb1+ {[%clk 00:47:37]} {[%emt
00:02:09]} 37. Kg2 Bxd5+ 38. Qxd5+ {[%clk 00:37:10]} {[%emt 00:00:03]} Kf6
{[%clk 00:46:26]} {[%emt 00:00:46]} 39. Re6+ {[%clk 00:36:28]} {[%emt
00:01:11]} Kg5 {[%clk 00:46:39]} 40. Rxb1 {[%clk 00:35:38]} {[%emt 00:01:37]}
Kh5 {[%clk 00:46:16]} {[%emt 00:00:52]} 41. Rb5 {[%emt 00:00:19]} Kg5 42. Qd2+
{[%clk 00:35:49]} Kh5 {[%clk 00:45:41]} {[%emt 00:01:48]} 43. Rh6# {[%clk
00:36:30]} {[%emt 00:00:06]} 1-0